| 000 | 00375nam a22001337a 4500 | ||
|---|---|---|---|
| 082 |
_a894.812 _bELA/M |
||
| 100 | _aELAYIDAM, SUNIL P | ||
| 245 | _aMAITHRIYUTE LOKAJEEVITHAM | ||
| 246 |
_aMAITHRIYUTE LOKAJEEVITHAM _bMAITHRIYUTE LOKAJEEVITHAM |
||
| 260 |
_aKOTTAYAM, KERALA, INDIA _bD C BOOKS _c2023 |
||
| 300 | _a281 | ||
| 650 | _a MALAYALAM -STUDY /SOCIAL STUDIES | ||
| 942 | _cBK | ||
| 999 |
_c8656 _d8656 |
||